Score 0/6 Timer 01:00
0 Plays Today
Hint Answer % Correct
_ _ _ _ _ GriffinPeter
100%
_ _ _ GriffinMeg
99.1%
_ _ _ _ GriffinLois
98.3%
_ _ _ _ _ GriffinChris
98.3%
_ _ _ _ _ _ GriffinStewie
98.3%
_ _ _ _ _ GriffinBrian
96.5%

You're not logged in!

Compare scores with friends on all Sporcle quizzes.
OR
Log In

Sporcle TV

Today on Sporcle TV


Watch our educational content, quiz creation guides, and fun videos on Sporcle TV.

Show Comments

Extras

Created Oct 17, 2013ReportNominate
Tags:Family, griffin, guy

Top Quizzes Today


Score Distribution

Paid Content

Your Account Isn't Verified!

In order to create a playlist on Sporcle, you need to verify the email address you used during registration. Go to your Sporcle Settings to finish the process.

Report this User

Report this user for behavior that violates our Community Guidelines.

Details: